[Event "Olympiad-38"]
[Site "Dresden"]
[Date "2008.11.22"]
[Round "9"]
[White "Aronian, Levon"]
[Black "Gelfand, Boris"]
[Result "0-1"]
[WhiteElo "2757"]
[BlackElo "2719"]
[Annotator "Gelfand,B"]
[PlyCount "98"]
[EventDate "2008.11.13"]
[EventType "team-swiss"]
[EventRounds "11"]
[EventCountry "GER"]
[SourceTitle "CBM 128"]
[Source "ChessBase"]
[SourceDate "2009.01.28"]
[SourceVersion "1"]
[SourceVersionDate "2009.01.28"]
[SourceQuality "1"]
[WhiteTeam "Armenia"]
[BlackTeam "Israel"]
[WhiteTeamCountry "ARM"]
[BlackTeamCountry "ISR"]

{After the 8th round our team got to second place and had to face the leaders
- Armenia. This team is our bete noir - if my memory serves me well, we had
never beaten them and draws also were not very often. But our young team
managed to forget the past and played a great match.} 1. c4 e5 2. Nc3 Nf6 3.
Nf3 Nc6 4. g3 Bb4 5. Bg2 ({An alternative system is} 5. Nd5) 5... O-O 6. O-O {
Previously I had played 6...e4,but this time I decided in favour of a more
solid setup} Bxc3 7. bxc3 Re8 8. d3 e4 9. Nd4 exd3 10. exd3 Nxd4 11. cxd4 d5
12. Rb1 ({if} 12. Bg5 {then the simplest is} h6 13. Bxf6 Qxf6 14. cxd5 Qxd4 15.
Qc2 Qe5 16. Rab1 Rb8 17. Rfc1 Re7 18. Qc3 Qd6 19. Qd4 b6 20. Rc6 Qd8 21. d6
cxd6 22. Rxd6 Rd7 {Kallio,H-Fressinet,L/Plovdiv 2003/}) ({The following game
shows well Black's ideas in this type of position.} 12. Be3 Be6 13. Rc1 h6 14.
h3 c6 15. Qd2 Qd7 16. Kh2 Kh7 17. Rfe1 Ng8 18. g4 Ne7 19. Bf4 Rad8 20. c5 g5
21. Be5 f5 22. gxf5 Bxf5 23. Re3 Ng6 24. Rce1 Re6 25. Bg3 Rde8 26. Bf1 Qg7 {
and Black got the upper hand, Botvinnik,M-Basman,M/Hastings 1966}) 12... h6 13.
Bf4 {The B is going to e5, which is the strongest plan in my opinion.} b6 ({
Here is an another example of Black's success in this line} 13... c6 14. Qd2 b6
15. a4 Bf5 16. c5 Nd7 17. Rfc1 Qf6 18. Rb4 Re6 19. Bf1 Rae8 20. Bc7 bxc5 21.
dxc5 Nxc5 $1 22. Bf4 Qe7 {Karpov,A-Anand,V/Frankfurt 1997}) 14. Be5 c6 ({
Black got into trouble after} 14... Bb7 $6 15. Qf3 Nh7 16. h4 Qe7 17. Qg4 $1
Nf6 18. Qf4 Nh5 19. Qf3 $16 {Hodgson,Ju-Salov,Amsterdam,1996}) 15. h3 ({
Harmless is} 15. Bxf6 Qxf6 16. cxd5 cxd5 17. Bxd5 Bh3 $132) ({Or} 15. Qa4 Bf5
16. Rbd1 Qd7 17. Bxf6 gxf6 18. cxd5 cxd5 19. Qxd7 Bxd7 20. Bxd5 Rad8 {1/2-1/2
Norri,J-Tella,J/Finland 1996/EXT 98 (25)}) 15... Be6 16. Rc1 ({I intended to
meet} 16. f4 {by} dxc4 17. Bxc6 Bxh3 18. Re1 Rxe5 19. dxe5 Qd4+ 20. Kh1 Ng4 21.
Qf3 Rd8 {with full compensation for an exchange}) 16... Rc8 {During the game I
thought that this was an inaccurate move, which allows f2-f4. However, my
thoughts were too pessimistic} ({A reasonable alternative was} 16... Qd7 17. g4
(17. Bxf6 gxf6 {is not dangerous}) 17... Nh7) 17. f4 {White takes the
opportunity and goes forward. Surprisingly, it doesn't bring him an advantage
and moreover he has to be careful.} ({Calmer and better was} 17. Re1 {with an
unclear game after} Nh7 18. g4 Qd7 {It is not easy to assess this position.
Both sides have strong points - White has 2 Bs and some space advantage, while
Black has no weaknesses. I feel that White's chances are slightly better.})
17... dxc4 {I saw no alternative and forced matters.} ({Probably} 17... Qd7 {
was also possible,} {as} 18. g4 (18. Kh2 Nh7) {allows} 18... dxc4 19. dxc4 Nxg4
$1 20. hxg4 Bxg4 {with a complicated game.}) 18. dxc4 (18. f5 $6 {is dubious:}
Bd5 19. dxc4 Bxg2 20. Kxg2 c5) 18... b5 $1 {Fighting for the d5 outpost.} 19.
d5 $5 (19. cxb5 cxb5 20. Qd2 {allows among other options a stylish exchange
sacrifice} (20. Rxc8 Qxc8) 20... Bc4 21. Bb7 Nd5 22. Rfe1 Qd7 23. Bxc8 Rxc8 $44
) 19... cxd5 20. cxb5 (20. c5 Ne4 21. f5 f6 (21... Bd7 22. Qxd5 Bc6 $11) 22.
fxe6 fxe5 23. Bxe4 dxe4 $11) 20... Rxc1 21. Qxc1 {Optically this position
seems better for White, but Black has enough resources.} Qb6+ {After some
calculation I decided to go for the forced line.} ({Black also has solid
position after} 21... Ne4 22. Kh2 Qa5 23. Qb2 f6 24. Bd4 Bd7 {when a draw is
the likely outcome.}) 22. Kh2 Qxb5 23. Bxf6 ({After} 23. Qa1 {White is on the
safe side, but Black can equalize by} Bf5 ({or simply} 23... d4) 24. Bxf6 gxf6
25. Qxf6 Be4 26. Qxh6 Qb2 27. Rg1 Rc8) 23... gxf6 24. f5 Bd7 25. Qxh6 ({
The computer suggests including a2-a4} 25. a4 Qb6 26. Qxh6 Qb2 27. Rf4 Re4 28.
Rg4+ Rxg4 29. hxg4 {with a draw.}) 25... Qb2 $1 {The key defensive move. The Q
protects the f6-pawn and starts to attack on the 2nd rank.} 26. Kh1 {White
still has the illusion that he has an advantage. It was time to look for
equality. The path is not easy to find, but it exists.} (26. Rf4 Re4 27. Rg4+ (
27. a3 Rxf4 (27... Bc6 28. Rxe4 dxe4 29. Qe3 Qe5 30. Kg1 $11 {Lysyj}) 28. Qxf4
Qxa3 29. Qd4 Qd6 30. Bxd5 Kf8 $15) (27. Rxe4 dxe4 28. Qe3 Bxf5 29. Qxa7 Kg7 $1
$15 (29... Qd2 30. Qb8+ Kg7 31. Qf4 e3 32. Qxf5 e2 $11)) 27... Rxg4 28. hxg4
Bb5 29. Qf4 Bc4 30. g5 Qe5 31. a3 Qxf4 32. gxf4 d4 33. Bf3 {and it seems that
Black has no winning chances.}) 26... Re2 27. Bxd5 $4 {Levon's permanenent
desire to win backfires here.} ({White was still in time to transpose to the
previous annotation} 27. Rf4 Re1+ (27... Bxf5 28. Rxf5 Rxg2 29. Rg5+ $11) 28.
Kh2 Re4) 27... Bxf5 {The only, but sufficient move. Now Levon sunk deeply into
thought, but failed to find a way to save the game.} 28. Qf4 (28. Qc1 {is bad:}
Qe5) ({as is} 28. g4 Qe5) 28... Be6 29. Bf3 {The most stubborn defence.} ({
Black's task is easier after} 29. Be4 Bxh3 30. Qh6 Rxe4 31. Qxh3 Qxa2 {with 2
extra pawns.}) 29... Rh2+ (29... Rf2 $2 30. Rxf2 Qxf2 31. h4 {allows White to
escape.}) 30. Kg1 Rxh3 $1 {I think that this is the clearest solution.} ({
Not so clear is the tempting} 30... Bxh3 31. Qh4 $1 (31. Be4 Rg2+ 32. Kh1 Re2)
31... Kg7 {and now according to my engines, the best move is} 32. Ba8 $1 (32.
a3 Qd2) 32... a6 33. a3 {with drawing chances but I cannot explain why.}) 31.
Bg2 (31. Rf2 Qb1+ 32. Rf1 Qg6 {loses another pawn.}) 31... Rh5 $1 (31... Qb6+
32. Rf2 Rh5 33. Qxf6 Rf5 34. Qb2 $15) 32. Qxf6 Qxf6 33. Rxf6 Ra5 {The key idea
- White cannot defend his a-pawn and block the opponent's one. Despite the
very limited material, Black is going to win.} 34. Rf4 (34. Rf2 Rxa2 35. Rxa2
Bxa2 {and White is defenceless.}) 34... Rxa2 35. Rd4 a5 36. Bd5 (36. Bc6 Bb3
37. Kf1 a4 38. Rb4 Kg7 {and K goes to c5.}) 36... Ra1+ 37. Kf2 a4 38. Rd2 a3 $1
{Creating another passed pawn.} (38... Bxd5 $2 39. Rxd5 a3 40. Ra5 {is drawish.
}) 39. Bxe6 fxe6 40. Ke3 Kf7 41. g4 Rb1 ({Simpler was} 41... a2 42. Re2 Kg6 43.
Ke4 Kf6 44. Ke3 (44. g5+ Kxg5 45. Ke5 Kh4 46. Ke4 Kg4 47. Rg2+ Kh5 48. Re2 Kg6
49. Ke5 Kf7) 44... Kg5 45. Ke4 Kxg4 46. Rg2+ Kh5 47. Re2 Kg6) 42. Rf2+ Ke7 43.
Ra2 Rb3+ 44. Kf4 (44. Kd4 Rb4+ 45. Kc5 Ra4 46. Kb5 Ra8 47. Kb4 Kf6) 44... Rb4+
45. Kg5 Ra4 {Transferring the R to the best position, behind the pawn.} 46. Kh6
e5 47. g5 Kf7 48. g6+ Kg8 49. Kg5 e4 {This time we managed to beat the Olympic
champions and to overtake them in the first position for 1 day. Even though,
we didn't manage to stay there, 2nd place is a big success for the Israeli
team. It is the first time our country had won an Olympic medal in chess.} 0-1

[Event "Munich SKA"]
[Site "Munich"]
[Date "1993.??.??"]
[Round "2"]
[White "Lautier, Joel"]
[Black "Gelfand, Boris"]
[Result "0-1"]
[WhiteElo "2645"]
[BlackElo "2690"]
[Annotator "Gelfand,B"]
[PlyCount "82"]
[EventDate "1993.05.??"]
[EventType "tourn"]
[EventRounds "11"]
[EventCountry "GER"]
[EventCategory "16"]
[SourceTitle "CBM 036"]
[Source "ChessBase"]
[SourceDate "1993.10.01"]
[SourceVersion "1"]
[SourceVersionDate "1993.10.01"]
[SourceQuality "1"]

1. c4 {Ribli} Nf6 2. Nc3 e5 3. Nf3 Nc6 4. g3 d5 5. cxd5 Nxd5 6. Bg2 Nb6 7. O-O
Be7 8. a3 O-O 9. b4 Re8 10. Rb1 (10. d3 {Ribli Winants,L-De Boer,GJ/Wijk-B/
1992/CBM28/}) 10... Bf8 11. d3 Nd4 (11... a5 $6 $14 {Ribli Georgiev,K-Gelfand,
B/Manila izt/1990/CBM19/49,44/}) 12. Ne1 $5 $146 (12. Bb2) (12. Nd2) (12. Nd2
$13 {Ribli Sher,M-Petursson,M/Bern/1992/CBM28/53,38/}) 12... c6 13. e3 Ne6 $6 (
13... Nb5 $5) 14. Nf3 Nc7 (14... f6 $5) 15. Qc2 (15. d4 {Ribli} Ncd5 16. Nxd5
Nxd5 17. Bb2 e4 18. Ne5 f6 19. Nc4 $13) 15... Nbd5 $6 (15... f6 $5 $14) (15...
Bf5 $5 16. Ne4 $140 Bxe4 17. dxe4 Qc8 $132) 16. Ne2 $1 Bg4 17. Bb2 (17. h3 $5)
17... Qf6 (17... f6 {Ribli} 18. e4 Ne7 19. d4 $14) 18. d4 $1 exd4 (18... e4 19.
Ne5 Bf3 20. Bxf3 exf3 21. Nf4 Nxf4 22. gxf4 $16) (18... Bxf3 {Ribli} 19. dxe5
$18) 19. Nfxd4 Qg6 20. e4 Rad8 $6 (20... Nb5 $1 21. f3 (21. Nxb5 cxb5 22. Qd3
Rad8 $1) 21... Bd7 $14 (21... Ne3 22. Qd3 Nxf1 23. fxg4 $18)) 21. Rbe1 Nb6 (
21... Nb5 22. Nxb5 cxb5 23. Nd4 $16) 22. f4 (22. Nf4 $5) (22. Nf4 $5 $14 {Ribli
}) 22... Bxe2 23. Rxe2 (23. f5 Qh5 24. Rxe2 f6 $5 $14) 23... Nb5 (23... f6 $5
$14) 24. Nf3 (24. Nxb5 cxb5 {xc4}) (24. Rd1 $5 $14 {Ribli}) 24... c5 $6 (24...
f6 $5) 25. bxc5 (25. a4 Nd4) 25... Rc8 26. Qb3 Bxc5+ 27. Kh1 Nd6 28. e5 (28.
Ne5 Qe6 29. Qxe6 fxe6 $14) 28... Nf5 (28... Ndc4 29. Ng5 $16) 29. Ng5 h6 30. g4
$1 (30. Ne4 Bd4 (30... Bf8 {Ribli} 31. Rd1 Nc4 $13) 31. Nd6 Rc3 $1 (31... Nxd6
32. Bxd4) 32. Qxf7+ (32. Bxc3 $4 Nxg3+ $19) 32... Qxf7 33. Nxf7 Kxf7 34. Bxc3
Bxc3 $16) 30... hxg5 31. gxf5 Qxf5 32. fxg5 Qe6 33. Qf3 (33. Qxe6 $5 fxe6 (
33... Rxe6 $2 {Ribli} 34. Bh3 $18) 34. Bxb7 Rc7 (34... Rb8 35. Bc6 {/\ Bb5})
35. Ba6 $16) 33... Rc7 $138 34. Re4 (34. Bh3 $5 Qd5 (34... Qc6 35. Re4 $16) 35.
e6 $18) 34... Nc4 35. Bc3 b5 36. Rh4 (36. Bh3 $1 Qc6 (36... Qd5 37. e6 fxe6 38.
Qh5 (38. Rxe6 $5) 38... Nd6 (38... Qxe4+ 39. Bg2 $18) 39. Qxe8+ $1 Nxe8 40.
Bxe6+ $18) 37. e6 fxe6 (37... Nd6 38. exf7+ Rxf7 39. Rxe8+ Qxe8 40. Qd5 $18)
38. Qh5 $1 Nd6 (38... Ne3 39. Bg2 Nxf1 40. Rf4 $18) 39. g6 $18) 36... Ne3 37.
Qh5 (37. Bh3 Qd5 $15) (37. Re1 Nxg2 $17) 37... Kf8 38. Rf3 $4 (38. Bh3 $2 Qc6+
(38... Qd5+ 39. Rf3 $13) 39. Rf3 Rd8 $19) (38. Qh8+ Ke7 39. Qxg7 Nxf1 40. Rh6
$1 $18) 38... Rd8 $19 39. Rxe3 Bxe3 40. Bb4+ Bc5 (40... Ke8 41. Qh8+ Kd7 42.
Bh3 $17) 41. Ba5 Qb3 $1 (41... Qb3 $1 42. Rf4 Rd1+ 43. Rf1 Rxf1+ 44. Bxf1 Qd5+
45. Bg2 Qd4 $19) 0-1

[Event "Pamplona"]
[Site "Pamplona"]
[Date "1999.12.27"]
[Round "1"]
[White "Vallejo Pons, Francisco"]
[Black "Gelfand, Boris"]
[Result "0-1"]
[WhiteElo "2519"]
[BlackElo "2713"]
[Annotator "Gelfand/Huzman"]
[PlyCount "82"]
[EventDate "1999.12.27"]
[EventType "tourn"]
[EventRounds "9"]
[EventCountry "ESP"]
[EventCategory "15"]
[SourceTitle "CBM 075"]
[Source "ChessBase"]
[SourceDate "2000.04.05"]
[SourceVersion "1"]
[SourceVersionDate "2000.04.05"]
[SourceQuality "1"]

1. c4 {Ribli.} e5 2. Nc3 Nf6 3. Nf3 Nc6 4. g3 Nd4 {Ribli: 'Die Alternativen -
4...d5, 4...Bb4, 4...Bc5 - wurden bislang häufiger gespielt, aber der Textzug
ist auch gut spielbar.'} 5. Bg2 (5. Nxe5 {Ribli Die Annahme des Bauernopfers
wäre mehr als gefährlich für Weiß.} Qe7 6. f4 d6 7. Nd3 Bf5 $44 {Meiner
Meinung nach hat Schwarz mehr als ausreichende Kompensation für den Bauern.})
5... Nxf3+ 6. Bxf3 Bb4 (6... Bc5 {Ribli}) 7. Qb3 Bc5 {Ribli: 'Es scheint, als
habe Schwarz ein Tempo verloren (6...Bb4, 7...Bc5), aber in Wirklichkeit steht
die weiße Dame etwas unglücklich auf b3.'} (7... a5 {Ribli} 8. O-O O-O 9. d3 (
9. Rd1 d6 10. d4 exd4 11. Rxd4 Nd7 $6 12. Qc2 Ne5 13. Be4 $14 {Uhlmann,
W-Gelfand,B Debrecen 1989 CBM/14 48/25}) 9... Re8 10. Bg5 Bxc3 11. bxc3 $1 h6
12. Bxf6 Qxf6 13. c5 $14 {1/2-1/2 Lalic,B-Ristic,N/Metz 1995 (25)}) 8. d3 (8.
Na4 {Ribli} Be7 9. O-O O-O 10. Rd1 c6 (10... d6 11. Nc3 Nd7 12. d4 Bf6 13. dxe5
Bxe5 14. Be3 {1-0 Gelfand,B-Timman,J/Wijk aan Zee 1998/CBM 62 ext (47)}) 11.
Nc3 (11. d4 e4 12. Bg2 d5 13. cxd5 cxd5 14. Bf4 b6 15. Nc3 Be6 16. Rac1 Qd7 17.
Nb5 Rac8 18. Nc7 h6 19. f3 Bd6 20. Bxd6 Qxd6 {1/2-1/2 Serper,G-Aseev,K/St.
Petersburg 1994/CBM 43 ext (32)}) 11... d6 12. d4 Qc7 13. Qc2 Bh3 (13... a5 14.
b3 $14) 14. b3 h6 15. Bb2 Nh7 16. c5 Ng5 17. cxd6 Nxf3+ 18. exf3 {1/2-1/2
Gulko,B-Nikolic,P/Polanica Zdroj 1996/Inf 67 (18)}) 8... c6 $5 $146 (8... h6 9.
g4 (9. O-O {Ribli} O-O 10. e3 (10. Bd2 Re8 11. Bg2 c6 12. Rac1 Bb6 13. Qa4 d6
14. b4 Be6 $11 {0-1 Gelfand,B-Svidler,P/Dos Hermanas 1999/CBM 71/[Ribli] (77)})
(10. Na4 Be7 11. Be3 d6 (11... c6 12. c5 d5 13. cxd6 Bxd6 14. Rfc1 Qe7 $11 {
Minasian,A-Nikolic,P/Erevan 1996/CBM 53/[Ribli]/0-1 (70)}) 12. Nc3 c6 13. d4
Qc7 {1/2-1/2 Petursson,M-Khalifman,A/Narva 1998/CBM 67/[Khalifman] (62)}) 10...
a6 11. Rd1 Ba7 12. d4 Qe7 13. dxe5 Qxe5 14. Nd5 {1-0 Van Wely,L-Piket,J/
Merrillville 1997/Inf 71/[Van Wely,L] (32)}) 9... c6 10. h4 (10. g5 {Ribli}
hxg5 11. Bxg5 Be7 12. O-O-O Qb6 $11) 10... d6 11. g5 hxg5 12. Bxg5 Qb6 13. Qxb6
Bxb6 14. Na4 Ba5+ 15. Kf1 Be6 16. Rb1 Bd8 17. Nc3 Nh5 {Ribli: '0-1
Azmaiparashvili,Z-Timman,J/Oviedo 1993/CBM 38 ext (53)'} 18. b4 a6 19. Ne4 Be7
20. Rg1 f6 21. Bd2 Kf7 {0-1 Azmaiparashvili,Z-Timman,J/Oviedo rapid 1993 (53)})
(8... O-O {Ribli} 9. Bg5 h6 10. Bxf6 Qxf6 11. Ne4 Qe7 12. Nxc5 Qxc5 13. O-O d6
14. Qc3 a5 15. Rfd1 {1/2-1/2 Gheorghiu,F-Smejkal,J/Moscow 1977/EU-chT (15)}) 9.
g4 {'N?!' Ribli. Ribli: 'Dieser Zug ist interessant, aber ich glaube, dass
Weiß keinen positionellen Grund für einen Angrif am Königsflügel hat.'} d6 {
Ribli: 'Schwarz hat keine Angst vor 10.g5, ja mit dem Textzug provoziert er
seinen Gegner geradezu, 10.g5 zu spielen.'} (9... d5 $5) 10. g5 Ng8 (10... Nd7
$5) 11. Na4 (11. Ne4 Bb6 (11... Ne7) 12. Qa3 Bc7 13. c5 (13. Bd2 Ne7 14. Bb4
Nf5) 13... dxc5 (13... d5 14. Nd6+ $13) 14. Qxc5 Ne7 $132) (11. Bd2 {Ribli} Ne7
$11 (11... Qb6 12. Ne4 $14)) 11... Ne7 $6 {Ribli: 'Der schwarze Springer zielt
über f5 auf das Feld d4.'} (11... Qa5+ $142 12. Kf1 (12. Bd2 Bxf2+) 12... Bh3+
(12... Bb4 $5 13. a3 (13. h4 Ne7) 13... Bd2) 13. Bg2 Bxg2+ 14. Kxg2 Qc7 15. f4
exf4 16. Bxf4 (16. Qc3 Qe7) 16... Qd7 17. Rhf1 (17. Qc3 Qg4+) (17. h3 Ne7)
17... Ne7 $13 (17... h6 $5)) 12. Nxc5 dxc5 13. Be4 $1 (13. Be3 {Ribli} Qd6 $11
{[%cal Ge7f5,Gf5d4]}) 13... O-O 14. h4 (14. Qc3 {Ribli} Nf5 {[%cal Gf5d4]} 15.
Qxe5 $6 (15. Bxf5 $6 {Ribli} Bxf5 16. Qxe5 Bxd3 17. Qxc5 (17. exd3 Re8 $19)
17... b6 18. Qb4 (18. Qxc6 Re8 {[%csl Rc6,Re1][%cal Rd3e4,Re4c6,Re4h1,Re8e1]})
18... Qe8 $36) 15... Nd4 {[%csl Gd4,Re1,Re5][%cal Rd4c2,Rc2e1,Rc2a1]} 16. Kd1 (
16. Rb1 Qa5+) 16... Re8 17. Qf4 Qa5 $44 {[%csl Rd1]}) 14... Nf5 15. Qc3 (15.
Bxf5 Bxf5 16. f3 $11 (16. Qxb7 e4 $132)) 15... Nd4 $6 {Ribli: 'Der schwarze
Springer steht stark auf d4.Weiß hat zwar das Läuferpaar, aber sein König
findet kein sicheres Plätzchen. '} (15... Nd6 16. Qxe5 (16. f3 $5) 16... Re8 (
16... Nxe4 17. Qxe4 (17. dxe4 b6 18. f3 $14) 17... Re8 18. Qf3 Qd4 19. Rg1) 17.
Qxc5 Nxe4 18. dxe4 Rxe4 19. Be3 $14) 16. e3 f5 17. Bg2 $1 (17. gxf6 Qxf6 18. f4
(18. Rh2 Nf3+ 19. Bxf3 Qxf3 {'|^' Ribli.}) 18... exf4 (18... Nf5 $5) (18... Nf5
{Ribli} 19. Qxe5 Qxe5 20. fxe5 Ng3 21. Rg1 Nxe4 22. dxe4 Be6 $11) 19. exd4 cxd4
20. Qc2 Bf5 $13) 17... Qe8 (17... f4 18. exd4 f3 19. Bf1 exd4 20. Qc2) (17...
Re8 18. Qd2 Ne6 19. b3 $1 $16 {x e5}) 18. Qd2 $1 (18. Kf1 f4 (18... Ne6 {Ribli}
19. Qxe5) 19. exd4 f3 20. Bh3 exd4 $40) (18. Kd2 Qh5 (18... f4 19. exd4 f3 20.
Bf1 exd4 21. Qa3 $13) 19. exd4 cxd4 20. Qb3 Qg4 21. Rg1 Qxh4 22. Kc2 (22. Ke1
e4) 22... Qxf2+ 23. Bd2 f4 $132) {Ribli: [#]} 18... f4 {'!?' Ribli.  Ribli:
'Elegant gespielt! Schwarz opfert eine Figur für nachhaltige Kompensation.'} (
18... Ne6 19. b3 $16) (18... Ne6 $11 {Ribli}) 19. exd4 f3 20. Bf1 (20. Bh3
exd4+ 21. Kd1 (21. Kf1 Bxh3+ 22. Rxh3 Qh5 (22... Qe6 $5 23. Rg3 Rae8 {'©'
Ribli. '©' Ribli.}) 23. b3 Qg4 24. Rg3 Qxh4 25. Kg1 Rae8 26. Qd1 Re2 27. Rxf3 (
27. Bd2 Rxf2) 27... Rxf2) 21... Bxh3 22. Rxh3 Qh5 $44 (22... Qe6 $5) (22... Qe6
{Ribli} 23. Rg3 Rae8 24. Kc2 Qf5 {[%cal Re8e2,Re2c2]} 25. Kb1 Re2 26. Qd1 Re1
27. Qc2 (27. Qxe1 Qxd3#) 27... Rfe8 $19)) 20... exd4+ 21. Kd1 $16 Bg4 $5 {
'©' Ribli. Ribli: 'Schwarz hat nur einen Bauern für die Figur, aber Weiß steht
vor großen Problemen - sein Damenflügel ist passiv.'} (21... Bf5 22. h5 $5 $16)
22. b3 (22. Qe1 Qg6) (22. b4 cxb4 23. Qxb4 b6 24. c5 Qe5) 22... Qg6 23. Ba3 $1
b6 (23... Rae8 24. Bxc5 Re2 25. Bxe2 fxe2+ 26. Kc2 Rf3 (26... Rxf2 27. Rae1 Rf3
28. Qxe2) 27. Bxd4 Rxd3 28. Qxd3 Bf5 29. Qxf5 Qxf5+ 30. Kb2 $18) 24. Kc2 (24.
b4 {Ribli} cxb4 25. Bxb4 c5 $44) 24... a5 {Ribli: 'Der Ba3 ist in seienm
Bewegungsspielraum eingeschränkt.'} (24... Rae8 25. Re1 Rxe1 26. Qxe1 Re8 27.
Qd2 $16) 25. Rg1 (25. Bb2 a4) (25. Re1 $5) 25... Qh5 26. Re1 (26. g6 h6) (26.
Rh1 {Ribli}) 26... a4 (26... Bf5 27. Rh1 a4 28. b4 cxb4 (28... b5 29. cxb5 cxb5
30. bxc5 $18) 29. Qxb4) 27. b4 cxb4 28. Qxb4 (28. Bxb4 c5 29. Ba3 Rae8) 28...
Qxh4 29. Rg3 (29. Qd2 $1 Rfe8 30. Bd6 (30. Re4 Rxe4 31. dxe4 c5) 30... Rxe1 31.
Qxe1 Bd7 $16) 29... c5 30. Qd2 (30. Qxb6 $2 Qh2 (30... Rae8 $6 {Ribli} 31. Qxc5
) 31. Rxg4 Qxf2+ 32. Kd1 Rab8 33. Qe6+ Kh8 34. Bc1 Qxa2 $40 {'~~' Ribli. Ribli:
'Weiß hat schon zwei Figuren mehr, aber Schwarz erreicht mindestens
Dauerschach.'}) 30... Rae8 31. Bc1 (31. Rxe8 Rxe8 32. Qf4 Qh1 $132) 31... Bh5
32. Rxe8 (32. Rh3 Qg4 33. Rg3 Qd7 $5 (33... Qh4) 34. Bh3 Qc6) 32... Rxe8 $138
33. Qf4 $138 (33. Rh3 $1 Qg4 34. Qf4 (34. Rh1 Bf7 35. Qf4 Qe6 (35... Qxf4 36.
Bxf4 Re1 37. Bc1 Bg6 38. Kd2 Re5 39. Rh3 $16 (39. Kd1)) 36. Qxf3 b5 $132) 34...
Qg1 35. Rxh5 Qxf1 (35... Qxf2+ 36. Bd2 Qxf1 37. Qf5 g6 38. Qd5+ Kh8 39. Rxh7+
$18) 36. Qf5 $3 (36. Qxf3 Qe1 $11) 36... Qxf2+ (36... Re2+ 37. Kb1 Qe1 38. Qd5+
Kh8 39. a3 $18) 37. Bd2 (37. Kb1 Re1 (37... Qe2 $5) (37... Qe1 38. Qxh7+ Kf7
39. Qf5+ Kg8 40. a3 f2 41. Qh3 Kf8 42. Qf3+ Kg8 43. Rh1 Qe2 44. Qh3 $16) 38.
Qc8+ Kf7 39. g6+ hxg6 40. Qb7+ Kf6 41. Qxb6+ Kf7 42. Qc7+ Re7 43. Qf4+ Kg8 44.
Qb8+ Kf7 45. Rh8) 37... Re2 38. Qc8+ (38. Qxh7+ Kf7 39. Qf5+ Ke7 40. Qf4 Qe3
41. Qc7+ Ke6 42. Qxb6+ Kf5 43. Qa5 f2 $19) 38... Kf7 39. g6+ hxg6 40. Qb7+ Kf6
(40... Re7 41. Qd5+ Kf6 42. Rh8) 41. Qxb6+ Kf7 42. Qc7+ Ke6 43. Qc6+ Kf7 44.
Qd5+ Kf6 45. Qg5+ Kf7 46. Rh8 Qe3 47. Qd5+ $18) 33... Qh1 34. Bh3 $2 {'(+)?'
Ribli.} (34. Rh3 Qxf1 35. Rxh5 Qe1 (35... Qxf2+ 36. Bd2) 36. Bd2 Qa1 37. Qxf3
Qxa2+ 38. Kc1 a3 (38... Qa1+ {Ribli} 39. Kc2 a3 40. Qd5+ Kh8 41. Rxh7+ Kxh7 42.
g6+ Kxg6 43. Qc6+ Kf7 44. Qf3+ Kg8 45. Qd5+ $11) 39. Qd5+ Kh8 40. Rxh7+ Kxh7
41. g6+ Kxg6 42. Qc6+ $11) 34... Re2+ 35. Bd2 Qa1 $19 36. Qb8+ Be8 37. Be6+
Rxe6 38. Rxf3 Qxa2+ 39. Kd1 Qb1+ 40. Bc1 Qb3+ 41. Kd2 Qa2+ 0-1

[Event "Olympiad-33"]
[Site "Elista"]
[Date "1998.10.05"]
[Round "7.2"]
[White "Georgiev, Kiril"]
[Black "Rublevsky, Sergei"]
[Result "1/2-1/2"]
[WhiteElo "2660"]
[BlackElo "2685"]
[Annotator "Georgiev,Ki/Kostakiev,D"]
[PlyCount "90"]
[EventDate "1998.09.29"]
[EventType "team-swiss"]
[EventRounds "13"]
[EventCountry "RUS"]
[SourceTitle "CBM 068"]
[Source "ChessBase"]
[SourceDate "1999.02.01"]
[SourceVersion "1"]
[SourceVersionDate "1999.02.01"]
[SourceQuality "1"]
[WhiteTeam "Bulgaria"]
[BlackTeam "Russia"]
[WhiteTeamCountry "BUL"]
[BlackTeamCountry "RUS"]

1. c4 e5 2. g3 Nf6 3. Bg2 d5 4. cxd5 Nxd5 5. Nc3 Nb6 6. Nf3 Nc6 7. O-O Be7 8.
a3 O-O 9. b4 Be6 10. Rb1 f6 11. d3 a5 12. b5 Nd4 13. Nd2 Bd5 $1 14. Nxd5 Nxd5
15. Ne4 f5 16. e3 fxe4 (16... Ne6 17. Qb3 a4 18. Qc4 $1 {[/\Nc3]} (18. Nf6+ $5)
(18. Qxd5 $5)) 17. exd4 exd4 18. Bxe4 Nc3 19. Qb3+ Kh8 20. Bxb7 $6 $146 (20.
Ra1 $11 {1/2-1/2 Foisor,O-Tukmakov,V/It (open) Zaragosa (Spain) 1993 (60)})
20... Rb8 21. Be4 (21. Bc6 $2 Rf6 $19) 21... a4 (21... Rxb5 22. Qxb5 Nxb5 23.
Rxb5 c5 24. a4 $44) 22. Qc2 Nxb1 23. Qxb1 Qd7 24. Qc2 Qxb5 25. Qxc7 Rfe8 (25...
Bf6 $5) (25... Rbe8 $5) 26. Qf4 Qh5 (26... Rbc8 27. Qg4 $1 $132) 27. Bc6 $11
Rf8 (27... Rec8 28. Bd7 (28. Bxa4 Rb1 29. h4 Qd5) 28... Rd8 29. Re1 $1 $11) 28.
Qe4 (28. Qxd4 $5 $13) 28... Qg6 $11 29. Qxg6 hxg6 30. Bxa4 Rb1 31. Bf4 Rxf1+
32. Kxf1 Rxf4 (32... Ra8 33. Bc6 $11) 33. gxf4 Bxa3 34. Kg2 Kg8 35. Be8 Kf8 36.
Bxg6 Ke7 37. Kf3 Kf6 38. Be4 Bb2 39. h4 Bc3 40. h5 Bb2 41. Bg6 Bc3 42. Ke4 Bb2
43. f5 Bc3 44. f4 Bb2 45. Kd5 Bc3 1/2-1/2